Krishna's engineering & managerial economics / (Record no. 65013)

MARC details
000 -LEADER
fixed length control field 00801nam a22002417a 4500
005 - DATE AND TIME OF LATEST TRANSACTION
control field 20130322113532.0
010 ## - LCCN (DPL NO)
LC control number ENG-104992
020 ## - INTERNATIONAL STANDARD BOOK NUMBER
International Standard Book Number 9788182831759
Terms of availability 135.00
020 ## - INTERNATIONAL STANDARD BOOK NUMBER
International Standard Book Number 818283175x
Terms of availability 135.00
035 ## - SYSTEM CONTROL NUMBER
System control number EN-88525
035 ## - SYSTEM CONTROL NUMBER
System control number B-491317
037 ## - SOURCE OF ACQUISITION
Source of stock number/acquisition DBAD/PUB
037 ## - SOURCE OF ACQUISITION
Source of stock number/acquisition Mallika Books/Ven
082 ## - DEWEY DECIMAL CLASSIFICATION NUMBER
Classification number 658.15
100 ## - MAIN ENTRY--PERSONAL NAME
Personal name Dutt, Rajul
245 ## - TITLE STATEMENT
Title Krishna's engineering & managerial economics /
Statement of responsibility, etc by Rajul Dutt ; edited by Er. Sugam Rastogi
Remainder of title
260 ## - PUBLICATION, DISTRIBUTION, ETC. (IMPRINT)
Place of publication, distribution, etc Meerut
Name of publisher, distributor, etc Krishna Prakashan
Date of publication, distribution, etc 2011
270 ## - ADDRESS
Address 11, Shivaji Road
City Meerut
Postal code 250001
300 ## - PHYSICAL DESCRIPTION
Extent xvi,240p.
Dimensions 24cm(pbk)
700 ## - ADDED ENTRY--PERSONAL NAME
Personal name Rastogi, Sugam
9 (RLIN) 45076
942 ## - ADDED ENTRY ELEMENTS (KOHA)
Source of classification or shelving scheme Dewey Decimal Classification
Item type English Books
Classification part 658.15
Call number suffix DUT
Holdings
Withdrawn status Lost status Not for loan Collection code Home library Current library Date acquired Source of acquisition Cost, normal purchase price Full call number Barcode Copy number Cost, replacement price Koha item type
  Written-off vide DLB M. No. 383 dt 16.05.19   Non-fiction Central Library Central Library 22/03/2013 Mallika Books/68/10.01.2013/23/18.12.2012/18.01.2013 150.00 658.15 DUT B-491317 1 150.00 English Books
    Not For Loan Non-fiction D.B.Act.Division D.B.Act.Division 16/04/2012 DBAD/PUB 135.00 658.15 DUT EN-88525 1 135.00 English Books

© Delhi Public Library
Hit Counter
free hit counter